Statistics for French Actors and Actresses

Click here to take the quiz!

General Stats

  • This quiz has been taken 578 times
    (338 since last reset)
  • The average score is 10 of 17

Answer Stats

HintAnswer% Correct
Best Actress Oscar for "La Vie en rose"/"La Mome"Marion Cotillard
88%
Now fat guy who was Cyrano de Bergerac and ObélixGérard Depardieu
87%
Best Actor Oscar for "The Artist"Jean Dujardin
80%
He's Léon, "the Professional"Jean Reno
72%
Blonde sex bomb of "Contempt" (Le mépris)Brigitte Bardot
69%
She was "Belle de Jour"Catherine Deneuve
64%
Teen Star of "La Boum" and Bond girlSophie Marceau
64%
She was "Amélie"Audrey Tautou
62%
Choleric little guy ("Fantomas"; "Rabbi Jacob")Louis de Funès
60%
Best Supporting Actress Oscar for "The English Patient"Juliette Binoche
58%
Energetic actor of "La Haine", "Irréversible" and "Mesrine"Vincent Cassel
57%
Beauty of "Driver", "Possession" and "La Reine Margot"Isabelle Adjani
53%
One of the faces of the Nouvelle Vague ("Breathless") who switched to action movies ("Le professionel")Jean-Paul Belmondo
48%
Often ice-cold actor who played Tom Ripley and "Le Samouraï"Alain Delon
45%
Appeared in more than 100 films, among them "La pianiste", "8 Women"Isabelle Huppert
39%
Renoir's leading man in "La Grande Illusinon" and "La Règle du jeu"; MaigretJean Gabin
26%
Shawbuckler, the Beast from "La Belle et la Bête", and "Fantomas"Jean Marais
23%

Score Distribution

Percentile by Number Answered

Percent of People with Each Score

Your Score History

You have not taken this quiz since the last reset